| 000 | 00603nam a2200181 i 4500 | ||
|---|---|---|---|
| 001 | 30693 | ||
| 003 | ES-MaACL | ||
| 005 | 20230906154234.0 | ||
| 007 | t| | ||
| 008 | 030127s1973 sp ||||1| spa d | ||
| 100 | 1 |
_aBathe, Basil W. _926420 |
|
| 245 | 1 | 4 |
_aLos paquebotes, desde las cruzadas hasta los cruceros / _cBasil W. Bathe ; traducción: Consuelo G. de Ortega ; documentación: Denise Blum. |
| 260 |
_aBarcelona : _bAymá, _c[1973] |
||
| 300 |
_a298 p. : _bil. ; _c32 cm. |
||
| 700 | 1 |
_aOrtega, Consuelo G. de. _987399 |
|
| 700 | 1 |
_aBlum, Denise. _929581 |
|
| 852 |
_aES-MaACL _jC-55866 _bR.88600 |
||
| 999 |
_c30693 _d30693 |
||